[Event "AUTO-OPEN-2689"]
[Site "http://www.queenalice.com/game.php?id=1061129"]
[Date "2012.5.18"]
[Round "1"]
[White "stevelco"]
[Black "Nacional_kid"]
[Result "1-0"]
[WhiteElo "2194"]
[BlackElo "1716"]

1. d4 d5 2. c4 c6 3. Nf3 dxc4 4. e3 b5 5. a4 e6 6. axb5 cxb5 7. b3 cxb3 8. Bxb5+
Bd7 9. Qxb3 Qa5+ 10. Rxa5 Bc6 11. Bxc6+ Nxc6 12. Qb7 Bb4+ 13. Bd2 Bxd2+ 14.
Nbxd2 Rd8 15. Qxc6+ Ke7 16. Rxa7+ Kf6 17. Ne4+ Kg6 18. Qc7 Nh6 19. Qg3+ 1-0

[Event "AUTO-OPEN-2689"]
[Site "http://www.queenalice.com/game.php?id=1061130"]
[Date "2012.5.18"]
[Round "1"]
[White "Nacional_kid"]
[Black "stevelco"]
[Result "0-1"]
[WhiteElo "1676"]
[BlackElo "2198"]

1. e4 c6 2. d4 d5 3. Bd3 dxe4 4. Bxe4 Nf6 5. Bf3 Bf5 6. Nc3 e6 7. h4 h5 8. Bf4
Bd6 9. Bg5 Nbd7 10. Nge2 Qc7 11. g3 O-O-O 12. a3 Rde8 13. b4 Nd5 14. Nxd5 cxd5
15. c3 Nb6 16. Bf4 Kb8 17. Bxd6 Qxd6 18. Nf4 Rc8 19. Rc1 Rc7 20. Nxh5 f6 21. g4
Bg6 22. Nf4 Qxf4 23. h5 Be4 24. Rh3 Bxf3 25. Rxf3 Qxg4 26. Qd3 Nc4 27. Ke2 Rxh5
28. Rc2 Rf5 29. a4 Qxf3+ 30. Qxf3 Rxf3 31. Kxf3 Nd6 32. Re2 Rxc3+ 33. Kg4 Ne4
34. f3 Ng5 35. f4 Ne4 36. Kh5 Ng3+ 0-1

[Event "AUTO-OPEN-2689"]
[Site "http://www.queenalice.com/game.php?id=1061131"]
[Date "2012.5.18"]
[Round "1"]
[White "stevelco"]
[Black "geraldo"]
[Result "1-0"]
[WhiteElo "2199"]
[BlackElo "1499"]

1. d4 d5 2. c4 c6 3. Nf3 Nf6 4. e3 Nbd7 5. Nc3 b6 6. cxd5 cxd5 7. Bd3 a6 8. O-O
b5 9. Qb3 Qc7 10. Nxd5 Qd6 11. Nxf6+ Qxf6 12. Bd2 e5 13. d5 Nc5 14. Qc2 Nxd3 15.
Qxd3 Bd6 16. e4 h6 17. Rfc1 O-O 18. Ba5 Qg6 19. Bc7 Bh3 20. Nh4 Qf6 21. Qxh3
Bxc7 22. Rxc7 Qg5 23. Nf5 Rac8 24. Nxh6+ gxh6 25. Rxc8 Rxc8 26. Qxc8+ Kg7 27.
Rd1 Qh5 28. f3 Qg5 29. Qg4 Qxg4 30. fxg4 Kg6 31. d6 Kg5 32. d7 Kxg4 33. d8=Q h5
34. Qf6 a5 35. Qf5+ Kh4 36. g3# 1-0

[Event "AUTO-OPEN-2689"]
[Site "http://www.queenalice.com/game.php?id=1061132"]
[Date "2012.5.18"]
[Round "1"]
[White "geraldo"]
[Black "stevelco"]
[Result "0-1"]
[WhiteElo "1453"]
[BlackElo "2197"]

1. e4 c6 2. Nf3 d5 3. Bd3 dxe4 4. Bxe4 Nf6 5. d3 Bg4 6. c4 Nxe4 7. Qb3 Nc5 8.
Qc3 Qxd3 9. Qb4 Nba6 10. Qd2 Bxf3 11. gxf3 Qxd2+ 12. Bxd2 O-O-O 13. O-O g5 14.
Bxg5 Rg8 15. Nd2 Rxg5+ 16. Kh1 Rxd2 17. f4 Rf5 18. b4 Nxb4 19. a3 Nc2 20. Rad1
Rxd1 21. Rxd1 Rxf4 22. Rf1 Nd4 23. Rg1 Nf3 24. Rg8 Kd7 25. Rxf8 Rg4 26. Rxf7
Rg1# 0-1

[Event "AUTO-OPEN-2689"]
[Site "http://www.queenalice.com/game.php?id=1061133"]
[Date "2012.5.18"]
[Round "1"]
[White "stevelco"]
[Black "favazza2007"]
[Result "1-0"]
[WhiteElo "2201"]
[BlackElo "1831"]

1. d4 d5 2. c4 e5 3. dxe5 Bb4+ 4. Bd2 Nc6 5. Bxb4 Nxb4 6. Qa4+ Nc6 7. c5 Bd7 8.
Qf4 Nge7 9. Qg3 Nf5 10. Qb3 Nxe5 11. Qxd5 Nc6 12. Qe4+ Qe7 13. Nc3 Qxe4 14. Nxe4
O-O-O 15. O-O-O Be6 16. Rxd8+ Rxd8 17. b3 f6 18. e3 Nb4 19. Nc3 Nd3+ 20. Bxd3
Rxd3 21. Kc2 Rd8 22. Nge2 Nh4 23. Nd4 Bf7 24. g3 Ng6 25. f4 Ne7 26. Rd1 Bg6+ 27.
e4 Bh5 28. Rd2 c6 29. Ne6 Rxd2+ 30. Kxd2 g6 31. Ke3 Bg4 32. Nf8 h5 33. Nh7 Ng8
34. e5 fxe5 35. fxe5 Kd8 36. Ne4 Ke7 37. Nhf6 Nxf6 38. exf6+ Ke6 39. Kf4 Bf5 40.
f7 Kxf7 41. Nd6+ Kf6 42. Nxf5 gxf5 43. a4 b6 44. cxb6 axb6 45. b4 c5 46. bxc5
bxc5 47. a5 c4 48. a6 c3 49. Ke3 c2 50. Kd2 f4 51. gxf4 1-0

[Event "AUTO-OPEN-2689"]
[Site "http://www.queenalice.com/game.php?id=1061134"]
[Date "2012.5.18"]
[Round "1"]
[White "favazza2007"]
[Black "stevelco"]
[Result "0-1"]
[WhiteElo "1835"]
[BlackElo "2200"]

1. c4 c6 2. Nc3 d5 3. cxd5 cxd5 4. d4 Nf6 5. g3 Bf5 6. Bg5 Ne4 7. Nxe4 Bxe4 8.
Nf3 Qa5+ 9. Bd2 Qb6 10. Bc3 e6 11. Bg2 Nc6 12. e3 Bb4 13. O-O Bxc3 14. bxc3 O-O
15. Ne1 Bxg2 16. Nxg2 Na5 17. Rb1 Qc6 18. Qc2 Rfc8 19. Rfc1 Rc7 20. Nf4 Rac8 21.
Ne2 g6 22. Kf1 Nc4 23. Qd3 Qa4 24. Rc2 Na3 25. Rb3 Nxc2 26. Qxc2 Qa6 27. Ke1 Rc6
28. Kd2 Rb6 29. Rxb6 Qxb6 30. Qb3 Qxb3 31. axb3 f6 32. Nf4 Kf7 33. Kd3 g5 34.
Ne2 Rc6 35. f4 Ra6 36. fxg5 fxg5 37. h4 h6 38. hxg5 hxg5 39. e4 b5 40. g4 Ra2
41. exd5 exd5 42. b4 a5 43. bxa5 Rxa5 44. Ng3 b4 45. Nf5 b3 46. Ne3 Ra2 47. Nxd5
Rg2 48. Ne3 Rg3 49. Kd2 Rxe3 50. Kxe3 b2 51. Ke4 b1=Q+ 0-1

[Event "OS INCLIVEIS"]
[Site "http://www.queenalice.com/game.php?id=1079644"]
[Date "2012.7.5"]
[Round "-"]
[White "adelio"]
[Black "stevelco"]
[Result "0-1"]
[WhiteElo "1654"]
[BlackElo "2196"]

1. f4 d5 2. d4 Nf6 3. a3 Bf5 4. Nc3 e6 5. b4 Nbd7 6. Ra2 Be7 7. Nf3 O-O 8. h3
Nb6 9. e3 Ne4 10. Nxe4 Bxe4 11. c3 Nc4 12. h4 c6 13. g4 a5 14. Rah2 axb4 15. Rg1
Bxf3 16. Qxf3 b3 17. Bxc4 dxc4 18. h5 Bxa3 19. Qd1 Qa5 20. Qd2 Bxc1 21. Qxc1 Qa1
22. Kf2 Qxc1 23. Rxc1 Ra2+ 24. Kg3 Rxh2 25. Kxh2 Ra8 26. Kg3 Ra2 27. Kf3 Kf8 28.
e4 b5 29. f5 b2 30. Rb1 b4 31. fxe6 fxe6 32. Ke3 bxc3 33. Rf1+ Ke7 34. d5 c2 35.
dxe6 c1=Q+ 36. Rxc1 bxc1=Q+ 37. Kd4 Qd2+ 38. Kxc4 Rc2+ 39. Kb3 Qc3+ 40. Ka4 Ra2#
0-1

[Event "Challenge"]
[Site "http://www.queenalice.com/game.php?id=1079647"]
[Date "2012.7.5"]
[Round "-"]
[White "stevelco"]
[Black "adelio"]
[Result "1-0"]
[WhiteElo "2195"]
[BlackElo "1685"]

1. d4 c5 2. d5 c4 3. e4 b5 4. a4 Nf6 5. e5 Ne4 6. Qd4 Nxf2 7. Qxf2 g6 8. Nf3 h6
9. axb5 d6 10. Bxc4 Bf5 11. Nd4 Qc8 12. Nc6 e6 13. O-O exd5 14. Bxd5 dxe5 15.
Ne7 Bxe7 16. Bxa8 Bc5 17. Be3 Bxe3 18. Qxe3 O-O 19. Nc3 Qe6 20. Bd5 Qf6 21. Ne4
Qg7 22. Rxa7 Nd7 23. Rxd7 Bxd7 24. Nf6+ Qxf6 25. Rxf6 g5 26. Qf3 Be6 27. Bxe6
fxe6 28. Rxf8+ Kg7 29. Qf7# 1-0

[Event "Challenge"]
[Site "http://www.queenalice.com/game.php?id=1086134"]
[Date "2012.7.23"]
[Round "-"]
[White "roda"]
[Black "stevelco"]
[Result "0-1"]
[WhiteElo "1876"]
[BlackElo "2205"]

1. e4 c6 2. d4 d5 3. e5 Bf5 4. Bd3 Bxd3 5. Qxd3 e6 6. Nf3 Qa5+ 7. Bd2 Qa6 8.
Qxa6 Nxa6 9. a3 c5 10. Nc3 Ne7 11. Nb5 Nc6 12. O-O cxd4 13. b4 Kd7 14. Nbxd4
Nxd4 15. Nxd4 Be7 16. f4 Nc7 17. Rf2 Rac8 18. Raf1 a6 19. f5 Nb5 20. Nxb5 axb5
21. c3 Bd8 22. fxe6+ Kxe6 23. Rxf7 Bb6+ 24. Kh1 Rc7 25. Rxc7 Bxc7 26. Bf4 Rf8
27. g3 g5 28. Kg2 gxf4 29. Rxf4 Rxf4 30. gxf4 Kf5 31. Kg3 Bb6 32. Kf3 d4 33.
cxd4 Bxd4 34. e6 Kxe6 35. Ke4 Bb2 36. f5+ Kf6 37. Kd5 Bxa3 38. Kc5 Kxf5 39. Kxb5
Kg4 40. Ka4 Bxb4 41. Kxb4 Kh3 42. Kb5 Kxh2 43. Kb6 h5 44. Kxb7 Kg2 45. Kc6 h4
46. Kd5 h3 47. Ke4 h2 0-1

[Event "Challenge"]
[Site "http://www.queenalice.com/game.php?id=1086135"]
[Date "2012.7.23"]
[Round "-"]
[White "stevelco"]
[Black "roda"]
[Result "1-0"]
[WhiteElo "2202"]
[BlackElo "1881"]

1. d4 e6 2. c4 c5 3. d5 exd5 4. cxd5 Bd6 5. Nf3 h6 6. e4 Qc7 7. Bc4 Nf6 8. O-O
Be5 9. d6 Qxd6 10. Qxd6 Bxd6 11. e5 Bxe5 12. Nxe5 d5 13. Bb5+ Bd7 14. Nxd7 Nbxd7
15. Re1+ Kd8 16. Bf4 g5 17. Bxd7 Nxd7 18. Bd6 b6 19. Nc3 d4 20. Nd5 f5 21. Rad1
f4 22. b4 Re8 23. Bc7+ Kc8 24. Rxe8+ Kb7 25. Rxa8 Kxa8 26. bxc5 bxc5 27. Rb1 Nb6
28. Bxb6 axb6 29. Rxb6 d3 30. Kf1 h5 31. a4 Ka7 32. a5 d2 33. Ke2 c4 34. Ne7 c3
35. Nc6+ 1-0

[Event "OS INCLIVEIS"]
[Site "http://www.queenalice.com/game.php?id=1109389"]
[Date "2012.10.4"]
[Round "-"]
[White "adelio"]
[Black "stevelco"]
[Result "0-1"]
[WhiteElo "1686"]
[BlackElo "2204"]

1. f4 d5 2. d4 Nf6 3. c4 c6 4. b4 dxc4 5. Nc3 Nd5 6. Nxd5 cxd5 7. Nf3 Bf5 8. Ne5
Nd7 9. Nxf7 Kxf7 10. e3 Nf6 11. h3 e6 12. a3 Ne4 13. h4 Be7 14. Qe2 Bxh4+ 15.
Rxh4 Qxh4+ 16. Kd1 Nc3+ 17. Kd2 Nxe2 18. Bxe2 Qf2 19. Ra2 Rhc8 20. Kc3 Qe1+ 21.
Bd2 Qxe2 22. g4 Qd3+ 23. Kb2 Qc2+ 24. Ka1 Qb1# 0-1

[Event "OS INCLIVEIS"]
[Site "http://www.queenalice.com/game.php?id=1110284"]
[Date "2012.10.7"]
[Round "-"]
[White "stevelco"]
[Black "adelio"]
[Result "1-0"]
[WhiteElo "2207"]
[BlackElo "1713"]

1. d4 b6 2. c4 Bb7 3. Nc3 c6 4. e4 f6 5. Nf3 Qc7 6. Bd3 e6 7. O-O h5 8. Nh4 Ne7
9. f4 d6 10. f5 e5 11. d5 a6 12. Be2 b5 13. Bxh5+ Kd8 14. Ng6 Nxg6 15. Bxg6 bxc4
16. dxc6 Bxc6 17. Nd5 Bxd5 18. Qxd5 Ra7 19. Be3 Rb7 20. Rfc1 Rb5 21. Qe6 Be7 22.
Rxc4 Nc6 23. Rac1 Rc5 24. Bxc5 dxc5 25. Rxc5 Bxc5+ 26. Rxc5 Nd4 27. Rd5+ Qd7 28.
Qxd7# 1-0

[Event "AUTO-OPEN-2689"]
[Site "http://www.queenalice.com/game.php?id=1119333"]
[Date "2012.11.5"]
[Round "2"]
[White "stevelco"]
[Black "abreuchess"]
[Result "1-0"]
[WhiteElo "2208"]
[BlackElo "2247"]

1. d4 Nf6 2. c4 g6 3. Nc3 Bg7 4. e4 d6 5. Bd3 O-O 6. Nge2 e5 7. d5 a5 8. O-O Na6
9. a3 Nc5 10. Bc2 Nfd7 11. Bd2 f5 12. f4 fxe4 13. b4 axb4 14. axb4 Rxa1 15. Qxa1
Nd3 16. Nxe4 1-0

[Event "AUTO-OPEN-2689"]
[Site "http://www.queenalice.com/game.php?id=1119334"]
[Date "2012.11.5"]
[Round "2"]
[White "abreuchess"]
[Black "stevelco"]
[Result "0-1"]
[WhiteElo "2234"]
[BlackElo "2221"]

1. d4 d5 2. c4 c6 3. Nc3 Nf6 4. Nf3 dxc4 5. g3 b5 6. Bg2 Bb7 7. Ne5 Nd5 8. e4
Nxc3 9. bxc3 Nd7 10. f4 Nxe5 11. fxe5 e6 12. O-O Be7 13. Qg4 g6 14. Bh6 Bf8 15.
Qf4 Qd7 16. Qf6 Rg8 0-1

[Event "AUTO-OPEN-2689"]
[Site "http://www.queenalice.com/game.php?id=1119335"]
[Date "2012.11.5"]
[Round "2"]
[White "stevelco"]
[Black "andrevillares"]
[Result "1-0"]
[WhiteElo "2241"]
[BlackElo "2062"]

1. e4 c6 2. d4 d5 3. exd5 cxd5 4. Bd3 Nc6 5. c3 Nf6 6. Bf4 e6 7. Nf3 Be7 8. O-O
O-O 9. Ne5 Nxe5 10. dxe5 Ne4 11. Bxe4 dxe4 12. Qxd8 Rxd8 13. Nd2 g5 14. Be3 Bd7
15. Nxe4 Bc6 16. Nxg5 Rd5 17. Nf3 Rad8 18. Bd4 a6 19. Rfe1 Kg7 20. Re4 Kg6 21.
Rg4+ Kf5 22. Rg7 Rb5 23. Rxf7+ Kg6 24. Rxe7 h6 25. b4 a5 26. a4 Rbd5 27. b5 Bd7
28. c4 Rxd4 29. Nxd4 Bc8 30. Nf3 b6 31. g3 1-0

[Event "AUTO-OPEN-2689"]
[Site "http://www.queenalice.com/game.php?id=1119336"]
[Date "2012.11.5"]
[Round "2"]
[White "andrevillares"]
[Black "stevelco"]
[Result "0-1"]
[WhiteElo "2086"]
[BlackElo "2233"]

1. d4 d5 2. c4 c6 3. Nc3 Nf6 4. cxd5 cxd5 5. Nf3 Nc6 6. Bg5 Ne4 7. Nxe4 dxe4 8.
Nd2 Qxd4 9. Qb3 e6 10. O-O-O Qc5+ 11. Kb1 Qxg5 12. Nxe4 Qg6 13. f3 Be7 14. Ka1
O-O 15. Ng3 Rd8 16. Rxd8+ Bxd8 17. e4 e5 18. Bb5 Qe6 19. Qd3 Nd4 20. Bc4 Qb6 21.
Rd1 Be6 22. Bxe6 Qxe6 23. Nf5 Bb6 24. g4 Rc8 25. h4 Nxf5 26. exf5 Qc4 27. Qd7
Qc1+ 0-1

[Event "Challenge"]
[Site "http://www.queenalice.com/game.php?id=1144097"]
[Date "2013.1.23"]
[Round "-"]
[White "Ice_Fox"]
[Black "stevelco"]
[Result "1-0"]
[WhiteElo "1962"]
[BlackElo "2248"]

1. d4 f5 2. g3 Nf6 3. Bg2 e6 4. Nh3 Be7 5. c4 d6 6. O-O O-O 7. Nc3 c6 8. b4 e5
9. Ba3 b6 10. e3 Bb7 11. Qb3 Nbd7 12. b5 Rc8 13. Ng5 Qe8 14. Bxc6 Bxc6 15. c5+
d5 16. bxc6 Rxc6 17. Nxd5 Kh8 18. Nxe7 1-0

[Event "Let's Play Chess!"]
[Site "http://www.queenalice.com/game.php?id=1239351"]
[Date "2013.12.11"]
[Round "-"]
[White "stevelco"]
[Black "BartolomeuDias"]
[Result "0-1"]
[WhiteElo "2246"]
[BlackElo "2228"]

1. d4 d5 2. Nf3 Bf5 3. c4 e6 4. cxd5 exd5 5. Qb3 Nc6 6. Nc3 Nf6 7. e4 dxe4 8.
Ne5 Be6 9. Qxb7 Nxd4 10. Bb5+ Nxb5 11. Qxb5+ Nd7 12. Nc6 a6 13. Nxd8 axb5 14.
Nxe6 fxe6 15. Nxb5 Bd6 16. Bd2 Kf7 17. Ke2 Rhb8 18. Nxd6+ cxd6 19. b4 Ra4 0-1